000 00454nam a2200169Ia 4500
003 GCL
008 140319s9999 xx 000 0 eng d
040 _aGCL /
_cGCL
082 0 4 _a417.7
_bM U
100 1 _aMCMAHON, APRIL M.S.
245 1 0 _aUNDERSTANDING LANGUAGE CHANGE /
_cMCMAHON, APRIL M.S.
260 _a[S.N] :
_bCAMBRIBGE UNIVERSITY PRESS ،
_c1994
300 _a353 P
650 0 4 _aLINGUISTIC CHANGE
650 0 4 _aLANGUAGES
942 _2ddc
_cBK
999 _c17534
_d17534